00721 2200229 4500001002100000005001700021008004100038035002400079040001200103041000800115082001600123084001600139090001800155100002500173245014100198260004700339300003800386651002300424700001400447850001200461990001800473INLIS00000000003187720171026111532.0  0010-101700000000555 aYOPDYOG0 aind042[23]a959.8 a959.8 Bak J aL 959.8 Bak J0 aBAKRI A. G. TIANLEAN1 aJenderal Besar HM. Soehartob: Mengukir Dua Momentum Penting Bagi Keselamatan Bangsa & Negarac/ Bakri A. G. Tianlean; editor, Bakarudin aJakartabYayasan Kajian Citra Bangsac2010 axxii, 331 hlm.b: ilus.c; 20 cm. 4aIndonesiaxSejarah0 aBAKARUDIN aYOPDYOG a57897-PD/A.17